Library Banner

Civil law cases [CLC, 2022, Vol.XLIV] / (Record no. 130831)

MARC details
000 -LEADER
fixed length control field 00398nam a22001337a 4500
005 - DATE AND TIME OF LATEST TRANSACTION
control field 20230523105419.0
008 - FIXED-LENGTH DATA ELEMENTS--GENERAL INFORMATION
fixed length control field 230523b ||||| |||| 00| 0 eng d
040 ## - CATALOGING SOURCE
Transcribing agency PK-LaUMT
082 ## - DEWEY DECIMAL CLASSIFICATION NUMBER
Classification number 346.00264P
Item number CIV-
245 ## - TITLE STATEMENT
Title Civil law cases [CLC, 2022, Vol.XLIV] /
Statement of responsibility, etc edited by Muhammad Wahaj Azhar and Kashif Mir Zubair
260 ## - PUBLICATION, DISTRIBUTION, ETC. (IMPRINT)
Place of publication, distribution, etc Lahore :
Name of publisher, distributor, etc PLD Publishers,
Date of publication, distribution, etc 2022
300 ## - PHYSICAL DESCRIPTION
Extent 3 vols.
942 ## - ADDED ENTRY ELEMENTS (KOHA)
Koha item type Books
Holdings
Withdrawn status Lost status Damaged status Home library Current library Date acquired Full call number Barcode Date last seen Copy number Price effective from Koha item type
      UMT Main Campus UMT Main Campus 2023-05-23 346.00264P CIV- 144913 2023-05-23 Vol.1 2023-05-23 Books
      UMT Main Campus UMT Main Campus 2023-05-23 346.00264P CIV- 144914 2023-05-23 Vol.2 2023-05-23 Books
      UMT Main Campus UMT Main Campus 2023-05-23 346.00264P CIV- 144915 2023-05-23 Vol.3 2023-05-23 Books